DC Heroes by Symbol Quiz Stats

 Plays Quiz Updated Jan 12, 2019

Score 0/25 Timer 10:00
29 Plays Today
% Correct
Superman
99.7%
Batman
99.1%
Wonder Woman
96.3%
The Flash
95.5%
Green Lantern
94.4%
Robin
93.3%
Aquaman
83.4%
Batgirl
74.5%
Green Arrow
72.4%
Justice League
69.7%
Captain Marvel/Shazam
64.2%
Martian Manhunter
58.8%
The Atom
58.7%
% Correct
Hawkman and Hawkgirl
55.9%
Nightwing
53.7%
Cyborg
47.9%
Blue Beetle
47%
Dr. Fate
38.7%
Teen Titans
35.6%
Zatanna
35.4%
Red Tornado
32.2%
Firestorm
31%
Booster Gold
27.9%
Black Canary
27.6%
Captain Atom
19.9%

You're not logged in!

Compare scores with friends on all Sporcle quizzes.
OR
Log In

You Might Also Like...

Show Comments

Extras

Top Quizzes Today


Score Distribution

Your Account Isn't Verified!

In order to create a playlist on Sporcle, you need to verify the email address you used during registration. Go to your Sporcle Settings to finish the process.

Report this User

Report this user for behavior that violates our Community Guidelines.

Details: